000 00469nam a22001817a 4500
003 OSt
005 20180116183107.0
008 170830b xxu||||| |||| 00| 0 eng d
020 _a0
040 _c0
082 _a954.6 KHA 1999
100 _aErim Khalid
245 _aBharti Jangi Ezaiym
_bQayyam e Pakistan-se- Hall Tak
_cErim Khalid
260 _aLahore Pakistan
_bNigarshat
_c1999
300 _a264p.
_bHB
440 _aBharti Jangi Ezaiym
942 _2ddc
_cBK
999 _c352083
_d352083